LEADER 00876nam0-2200313---450- 001 990010064450403321 005 20160419145012.0 010 $a978-88-10-80950-1 035 $a001006445 035 $aFED01001006445 035 $a(Aleph)001006445FED01 035 $a001006445 100 $a20160419d2014----km-y0itay50------ba 101 0 $aita 102 $aIT 105 $a--------001yy 200 1 $a<>confine e l'orizzonte$eindagine sulla morte e sulle rappresentazioni$fSalvino Leone 210 $aBologna$cCentro editoriale dehoniano$d2014 215 $a181 p.$d20 cm 610 0 $aMorte$aAspetti etici 610 0 $aEutanasia$aAspetti etici 676 $a179.7$v22$zita 700 1$aLeone,$bSalvino 801 0$aIT$bUNINA$gRICA$2UNIMARC 901 $aBK 912 $a990010064450403321 952 $a179.7 LEO 1$b2283$fBFS 959 $aBFS 997 $aUNINA LEADER 02583nam 22006373u 450 001 9910455591603321 005 20210114062226.0 010 $a1-282-44468-9 010 $a9786612444685 010 $a0-472-02474-4 035 $a(CKB)2520000000006874 035 $a(EBL)3414589 035 $a(OCoLC)743199601 035 $a(SSID)ssj0000338350 035 $a(PQKBManifestationID)11297343 035 $a(PQKBTitleCode)TC0000338350 035 $a(PQKBWorkID)10312438 035 $a(PQKB)10024095 035 $a(MiAaPQ)EBC3414589 035 $a(EXLCZ)992520000000006874 100 $a20160815d2009|||| u|| | 101 0 $aeng 135 $aur|n|---||||| 181 $ctxt 182 $cc 183 $acr 200 10$aGrowing Apart$b[electronic resource] $eOil, Politics, and Economic Change in Indonesia and Nigeria 210 $aAnn Arbor $cUniversity of Michigan Press$d2009 215 $a1 online resource (358 p.) 225 1 $aInterests, Identities, And Institutions In Comparative Politics 300 $aDescription based upon print version of record. 311 $a0-472-06980-2 327 $aContents; Acknowledgments; Chapter 1. Introduction; Chapter 2. The Political Economy of Development; Chapter 3. Growing Apart Divergent Political Economies; Chapter 4. Indonesia Crisis, Reform, and Growth; Chapter 5. Nigeria Division, Distribution, and Decline; Chapter 6. Comparing Economic Performance; Chapter 7. After the Fall The Dynamics of Attempted Reform in Indonesia; Chapter 8. Predatory Rule, Transition, and Malaise in Nigeria; Chapter 9. Conclusion Indonesia and Nigeria in Comparative Perspective; Bibliography; Index 410 0$aInterests, Identities, And Institutions In Comparative Politics 606 $aIndonesia -- Economic conditions -- 1945-1966 606 $aIndonesia -- Economic policy 606 $aNigeria -- Economic conditions -- 1970- 606 $aNigeria -- Economic policy 606 $aEconomic History$2HILCC 606 $aBusiness & Economics$2HILCC 608 $aElectronic books. 615 4$aIndonesia -- Economic conditions -- 1945-1966. 615 4$aIndonesia -- Economic policy. 615 4$aNigeria -- Economic conditions -- 1970-. 615 4$aNigeria -- Economic policy. 615 7$aEconomic History 615 7$aBusiness & Economics 676 $a330.9598 700 $aLewis$b Peter$0376607 801 0$bAU-PeEL 801 1$bAU-PeEL 801 2$bAU-PeEL 906 $aBOOK 912 $a9910455591603321 996 $aGrowing Apart$92125620 997 $aUNINA LEADER 01154nam a2200289 i 4500 001 991001966139707536 008 061121s2004 it a 000 0 ita 020 $a884352464x 035 $ab13455254-39ule_inst 040 $aDip.to Beni Arti e Storia$bita 082 04$a722.1 100 1 $aLloyd, Seton$033957 245 10$aArchitettura origini /$cSeton Lloyd, Hans Wolfgang Muller 250 $aristampa 260 $aMilano :$bElecta,$c2004 300 $a195 p. :$bill. ;$c24 cm. 440 0$aStoria universale dell'architettura 650 4$aArchitettura$xStoria$yOrigini 650 4$aArchitettura$xAntichità 700 1 $aMuller, Hans Wolfgang$eauthor$4http://id.loc.gov/vocabulary/relators/aut$0398295 907 $a.b13455254$b02-04-14$c21-11-06 912 $a991001966139707536 945 $aLE019 A14 AR F 2 $g1$i2019000027786$lle019$o-$pE0.00$q-$rl$s- $t0$u1$v0$w1$x0$y.i14321609$z21-11-06 945 $aLE016 722.1 LLO 01.01$g1$i2016000110180$lle016$on$pE28.50$q-$rn$so $t0$u0$v0$w0$x0$y.i14782911$z24-06-08 996 $aArchitettura origini$9966291 997 $aUNISALENTO 998 $ale019$ale016$b21-11-06$cm$da $e-$fita$git $h0$i0